000 00758nam a22002417a 4500
005 20170124110256.0
010 _aA-895855
020 _c00.00
_a8122410243
035 _aA-895855
037 _bCen Lib/Ret
040 _aDPL
_bEN
082 _a531
_bGUP
100 _aGupta, Kiran C.
_9134243
245 _aClassical mechanics of particles and rigid bodies /
_cby Kiran C. Gupta
250 _a2nd ed
260 _aNew Delhi
_bNew Age International
_c1997
270 _a4835/24 Ansari Road Daryaganj
_bNew Delhi
_e110002
300 _axx, 666p. :
_c24cm(pbk)
500 _aIncludes bibliographical references andindex
650 _aMechanics.
_919941
650 _aPriciples of Mechanics.
_919942
942 _2ddc
_cEN
_h531
_mGUP
999 _c136239
_d136239